Normal view
MARC view
Entry Personal Name
001 - CONTROL NUMBER
- control field: 13852
003 - CONTROL NUMBER IDENTIFIER
- control field: OSt
005 - DATE AND TIME OF LATEST TRANSACTION
- control field: 20210129150531.0
008 - FIXED-LENGTH DATA ELEMENTS
- fixed length control field: 210129|| aca||aabn | a|a d
040 ## - CATALOGING SOURCE
- Original cataloging agency: OSt
- Transcribing agency: OSt
100 ## - HEADING--PERSONAL NAME
- Personal name: by Edited by Michael, Swash; Hutchison, Robert.
670 ## - SOURCE DATA FOUND
- Source citation: Work cat.: (OSt): by Edited by Michael, Swash; Hutchison, Robert., Hutchison's Clinical Methods., 1995
